Compendio estadístico Proceso de Admisión, año académico 2011
Uloženo v:
| Korporativní autor: | |
|---|---|
| Médium: | Kniha |
| Jazyk: | španělština |
| Vydáno: |
Santiago
Universidad de Chile
2011
|
| Témata: | |
| Tagy: |
Přidat tag
Žádné tagy, Buďte první, kdo vytvoří štítek k tomuto záznamu!
|
MARC
| LEADER | 00000cam a2200000 a 4500 | ||
|---|---|---|---|
| 001 | UCG8417 | ||
| 003 | CL-VaPUC | ||
| 008 | 111212e20110000CL |||||||||||||||||spa|d | ||
| 082 | 0 | 4 | |a 378.83 |b UNI |2 21 |
| 110 | 2 | |a Universidad de Chile |e author |9 559448 | |
| 245 | 1 | 0 | |a Compendio estadístico Proceso de Admisión, año académico 2011 |
| 300 | |a 154 p | ||
| 942 | |c BK | ||
| 945 | |d 20111212 00:00:00 |a cmena | ||
| 260 | |a Santiago |b Universidad de Chile |c 2011 | ||
| 600 | 0 | |a Universidad de Chile |9 257231 | |
| 650 | 0 | |a Educación superior |9 223851 | |
| 650 | 0 | |a Universidades |9 256317 | |
| 650 | 7 | |a POSTULACIONES |2 CL-VaPUC |9 392970 | |
| 650 | 7 | |a RENDICION DE PRUEBAS |2 CL-VaPUC |9 559449 | |
| 650 | 7 | |a PROCESOS DE ADMISION |2 CL-VaPUC |9 559450 | |
| 651 | 7 | |a CHILE |2 CL-VaPUC |9 559451 | |
| 583 | |a last modification |c 20111212 13:13:00 |k Rodrigo Vera | ||
| 999 | |c 346027 |d 346025 | ||
| 952 | |0 0 |1 0 |4 0 |6 378_830000000000000_UNI_2011 |7 0 |8 A |9 446493 |a BIBEDU |b BIBEDU |d 2019-11-22 |i 4812409 |o 378.83 UNI 2011 |p 4812409 |r 2019-11-22 |w 2019-11-22 |y BK |k EDU | ||